000 00304nam a22001337a 4500
008 171018b xxu||||| |||| 00| 0 eng d
020 _a9788131512296
041 _aeng
080 _a338
100 _a53
101 _aMNG
245 _aINTERNATIONAL STRATEGIC MANAGEMENT
_cPENG, M.W
942 _2udc
_cBK
999 _c34550
_d34550